| 000 -LEADER |
| fixed length control field |
01864 a2200229 4500 |
| 003 - CONTROL NUMBER IDENTIFIER |
| control field |
Nust |
| 005 - DATE AND TIME OF LATEST TRANSACTION |
| control field |
20221228190631.0 |
| 010 ## - LIBRARY OF CONGRESS CONTROL NUMBER |
| LC control number |
82073129 |
| 020 ## - INTERNATIONAL STANDARD BOOK NUMBER |
| International Standard Book Number |
0827313284 |
| 020 ## - INTERNATIONAL STANDARD BOOK NUMBER |
| International Standard Book Number |
0827313284 |
| 040 ## - CATALOGING SOURCE |
| Transcribing agency |
Nust |
| 082 00 - DEWEY DECIMAL CLASSIFICATION NUMBER |
| Classification number |
621.388,MIL |
| 100 1# - MAIN ENTRY--PERSONAL NAME |
| Personal name |
Kiver, Milton Sol, |
| 9 (RLIN) |
41704 |
| 245 10 - TITLE STATEMENT |
| Title |
Television electronics : |
| Remainder of title |
theory and servicing / |
| Statement of responsibility, etc. |
Milton S. Kiver, Milton Kaufman. |
| 250 ## - EDITION STATEMENT |
| Edition statement |
8th ed. |
| 260 ## - PUBLICATION, DISTRIBUTION, ETC. |
| Place of publication, distribution, etc. |
Albany, N.Y. : |
| Name of publisher, distributor, etc. |
Delmar, |
| Date of publication, distribution, etc. |
c1983. |
| 300 ## - PHYSICAL DESCRIPTION |
| Extent |
xi, 963 p., [5] p. of plates : |
| Other physical details |
ill. ; |
| Dimensions |
24 cm. |
| 505 ## - FORMATTED CONTENTS NOTE |
| Formatted contents note |
Television System Concepts.(Page-1), Television System Applications. (Page-16),Principles Of Scanning, Synchronizing And Video Signals. (Page-46), Video Signals And Picture Qualities. (Page-68),Television Camera Tubes And Camera Systems. (Page-85), TV Wave Propogation And TV Antenna Systems. (Page-117), Principles Of Monochrome Television Receivers. (Page-159),Principles Of Colour TV. (Page-178), Principles Of Colour TV Receivers. (Page-202), TV-Receiver Tuners. (Page-22),Frequency Synthesis, AFT And Remote Control. (Page-272), Video IF Amplifiers. (Page-335), Video Detectors. (Page-367), Automatic Gain Control (AGC) Circuits. (Page-383), Video Amplifiers(Page-416), Video Amplifier Design. (Page-449), DC Reinsertion. (Page-481), TV Picture Tubes. (Page-497), Low Voltage TV Power Supplies. (Page-542),Synchronizing Circuits. (Page-574),Vertical Oscillators And Digital Countdown. (Page-601), Horizontal Oscillators And Horizontal AFC. (Page-640),Horizontal Output Deflection Circuits And High Voltage. (Page-669),Vertical Output Deflection Circuits. (Page-721),The FM Sound System. (Page-750), Colour TV Receiver Circuit Analysis, Test Equipment And Alignment. (Page-793), Servicing And Troubleshooting Television Receiver. (Page-862). |
| 650 #0 - SUBJECT ADDED ENTRY--TOPICAL TERM |
| Topical term or geographic name entry element |
Television. |
| 700 1# - ADDED ENTRY--PERSONAL NAME |
| Personal name |
Kaufman, Milton. |
| 9 (RLIN) |
41683 |
| 942 ## - ADDED ENTRY ELEMENTS (KOHA) |
| Source of classification or shelving scheme |
|
| Koha item type |
Book |